<?xml version="1.0" encoding="UTF-8"?>
<record
    xmlns:xsi="http://www.w3.org/2001/XMLSchema-instance"
    xsi:schemaLocation="http://www.loc.gov/MARC21/slim http://www.loc.gov/standards/marcxml/schema/MARC21slim.xsd"
    xmlns="http://www.loc.gov/MARC21/slim">

  <leader>00802cam a2200241 i 4500</leader>
  <controlfield tag="001">sa 67001241 </controlfield>
  <controlfield tag="003">DLC</controlfield>
  <controlfield tag="005">20260227112321.0</controlfield>
  <controlfield tag="008">840912s1940    ii            000 0 kano </controlfield>
  <datafield tag="010" ind1=" " ind2=" ">
    <subfield code="a">sa 67001241 </subfield>
  </datafield>
  <datafield tag="040" ind1=" " ind2=" ">
    <subfield code="a">DLC</subfield>
    <subfield code="c">DLC</subfield>
    <subfield code="d">DLC</subfield>
  </datafield>
  <datafield tag="041" ind1="1" ind2=" ">
    <subfield code="a">kan</subfield>
    <subfield code="h">san</subfield>
  </datafield>
  <datafield tag="050" ind1="0" ind2="0">
    <subfield code="a">PK3798.S91</subfield>
    <subfield code="b">M76</subfield>
  </datafield>
  <datafield tag="100" ind1="0" ind2=" ">
    <subfield code="a">&#x15A;&#x16B;draka.</subfield>
  </datafield>
  <datafield tag="240" ind1="1" ind2="0">
    <subfield code="a">Mr&#x325;cchaka&#x1E6D;ika.</subfield>
    <subfield code="l">Kannada</subfield>
  </datafield>
  <datafield tag="245" ind1="1" ind2="0">
    <subfield code="a">Karn&#x101;&#x1E6D;aka Mr&#x325;cchaka&#x1E6D;ika prakara&#x1E47;a&#x1E43; /</subfield>
    <subfield code="c">Na&#xF1;janag&#x16B;&#x1E0D;u Subba&#x15B;&#x101;striga&#x1E37;avarinda viracitav&#x101;dudu.</subfield>
  </datafield>
  <datafield tag="260" ind1=" " ind2=" ">
    <subfield code="a">Mais&#x16B;ru :</subfield>
    <subfield code="b">Gaurname&#x1E47;&#x1E6D; Br&#x101;nc Pres Asis&#x1E6D;e&#x1E47;&#x1E6D; S&#x16B;pari&#x1E47;&#x1E6D;i&#x1E47;&#x1E0D;e&#x1E47;&#x1E6D;arinda mudrisalpa&#x1E6D;&#x1E6D;itu,</subfield>
    <subfield code="c">1940.</subfield>
  </datafield>
  <datafield tag="300" ind1=" " ind2=" ">
    <subfield code="a">135 p. ;</subfield>
    <subfield code="c">22 cm.</subfield>
  </datafield>
  <datafield tag="500" ind1=" " ind2=" ">
    <subfield code="a">A play.</subfield>
  </datafield>
  <datafield tag="500" ind1=" " ind2=" ">
    <subfield code="a">In Kannada.</subfield>
  </datafield>
  <datafield tag="700" ind1="1" ind2=" ">
    <subfield code="a">Subba&#x15B;&#x101;stri, Na&#xF1;janag&#x16B;&#x1E0D;u.</subfield>
  </datafield>
  <datafield tag="740" ind1="0" ind2=" ">
    <subfield code="a">Mr&#x325;cchaka&#x1E6D;ika prakara&#x1E47;a&#x1E43;.</subfield>
  </datafield>
  <datafield tag="999" ind1=" " ind2=" ">
    <subfield code="c">72484</subfield>
    <subfield code="d">72484</subfield>
  </datafield>
</record>
